| 000 | 00944nam a2200349Ia 4500 | ||
|---|---|---|---|
| 005 | 20250425162025.0 | ||
| 008 | 250425s9999 xx 000 0 und d | ||
| 020 | _a958410179X | ||
| 041 | _aspa | ||
| 082 | _a378.12 | ||
| 100 | _aDIAZ BARRIGA ARCEO, FRIDA | ||
| 245 | 0 | _aDOCENTE DEL SIGLO XXI: ESTRATEGIAS DOCENTES PARA UN APRENDIZAJE SIGNIFICATIVO UNA INTERPRETACION CONSTRUCTIVISTA | |
| 250 | _a1A ED. | ||
| 260 | _aBOGOTA | ||
| 260 |
_aColombia _bMCGRAW-HILL _c2001 |
||
| 300 | _a232 | ||
| 650 | _aCOMPETITIVIDAD | ||
| 650 | _aCOMPETITIVIDAD | ||
| 650 | _aEDUCACION | ||
| 650 | _aEDUCACION | ||
| 650 | _aENSEÑANZA-APRENDIZAJE | ||
| 650 | _aENSEÑANZA-APRENDIZAJE | ||
| 650 | _aPEDAGOGIA | ||
| 650 | _aPEDAGOGIA | ||
| 650 | _aPROFESORES | ||
| 650 | _aPROFESORES | ||
| 650 | _aTECNOLOGIA EDUCATIVA | ||
| 650 | _aTECNOLOGIA EDUCATIVA | ||
| 700 | _aHERNANDEZ ROJAS, GERARDO | ||
| 942 | _c01 | ||
| 010 | _a41088 | ||
| 999 |
_c220822 _d220822 |
||